तीस कहानियाँ / (Record no. 38185)

MARC details
000 -LEADER
fixed length control field 01119nam a22002537a 4500
005 - DATE AND TIME OF LATEST TRANSACTION
control field 20100729153810.0
010 ## - LCCN (DPL NO)
LC control number HIN-89893
020 ## - INTERNATIONAL STANDARD BOOK NUMBER
Terms of availability 175.00
International Standard Book Number 9788170637479
035 ## - SYSTEM CONTROL NUMBER
System control number HN-62239
037 ## - SOURCE OF ACQUISITION
Source of stock number/acquisition DBAD / PUB
082 ## - DEWEY DECIMAL CLASSIFICATION NUMBER
Classification number
100 ## - MAIN ENTRY--PERSONAL NAME
Personal name पंत, गोविन्द वल्लभ
245 ## - TITLE STATEMENT
Title तीस कहानियाँ /
Statement of responsibility, etc गोविन्द वल्लभ पंत
246 ## - VARYING FORM OF TITLE
Title proper/short title Tees Kahaniyan
Remainder of title by Govind Vallabh Pant
250 ## - EDITION STATEMENT
Edition statement 5वा संस्क.
260 ## - PUBLICATION, DISTRIBUTION, ETC. (IMPRINT)
Place of publication, distribution, etc नई दिल्ली
Name of publisher, distributor, etc आर्य बुक डिपो
Date of publication, distribution, etc 2009
270 ## - ADDRESS
Address 30, नाईवाला, करोलबाग
City नई दिल्ली
Postal code 110005
Telephone number 011-28751221 / 0159 / 1223
Fax number 011-28756324
300 ## - PHYSICAL DESCRIPTION
Extent 212पृ.
Dimensions 18सेमी (सजिल्द)
650 ## - SUBJECT ADDED ENTRY--TOPICAL TERM
Topical term following geographic name as entry element लघु कथाएँ, हिन्दी
650 ## - SUBJECT ADDED ENTRY--TOPICAL TERM
Topical term following geographic name as entry element Short Stories, Hindi
700 ## - ADDED ENTRY--PERSONAL NAME
9 (RLIN) 2325
942 ## - ADDED ENTRY ELEMENTS (KOHA)
Source of classification or shelving scheme Dewey Decimal Classification
Item type Hindi Books
Classification part
Call number suffix पंतगो
Holdings
Withdrawn status Lost status Not for loan Collection code Home library Current library Date acquired Source of acquisition Cost, normal purchase price Full call number Barcode Copy number Cost, replacement price Koha item type
    Not For Loan Fiction D.B.Act.Division D.B.Act.Division 29/07/2010 DBAD / PUB 175.00 क पंतगो HN-62239 1 175.00 Hindi Books

© Delhi Public Library
Hit Counter
free hit counter